000 00832nam a2200265Ia 4500
003 OSt
005 20220928114150.0
006 a|||||r|||| 00| 0
007 ta
008 220927b |||||||| |||| 00| 0 eng d
020 _c900
024 _a103217
037 _b479, 01/12/2009, Pioneer Book Distributors
_cTextual
040 _aSDCL
_cSDCL
_beng
041 _2eng
_aeng
082 _aX62.2'P, P9
100 _aUppal R K
_9437236
245 0 _aIndian banking in competitive age
_b Need to meet customer expectations.
260 _aNew Delhi
_bSarup Book Publishers
_c2009
300 _aviii,281p
_ccm.
650 _aFinancial Studies
700 _a Chawla Rosy
_9437237
942 _hX62.2'P, P9
_cTEXL
_2CC
999 _c753201
_d753201